00437nam a22001457a 4500020001800000082001800018100002100036245003800057260002400095300000800119650002000127942000700147952012000154999001700274 a9789004168619 a791.43612 BAK aBakker, Freel L. aTheChallenge of the Silver Screen aBostenbBrillc2009 a282 aFilms-Religious cBK 00104070aHMIbHMId2015-09-08eDr. Andreas D' souzag0.00l0o791.43612 BAKp11-2432r2015-09-08w2015-09-08yBK c19686d19686